| 000 | 00564nam a22001937a 4500 | ||
|---|---|---|---|
| 003 | OSt | ||
| 005 | 20150905094956.0 | ||
| 008 | 130601t xxu||||| |||| 00| 0 eng d | ||
| 020 | _a9715600778 | ||
| 050 |
_aTD 429.5 _b.G216 2002 |
||
| 082 |
_aFIL 333.91007 _bUn2 2002 |
||
| 245 |
_aUnderstanding the Research and Development Needs for Water Resource Management in Southeast Asia / _cGarcia, Arnulfo. |
||
| 260 |
_aLaguna : _bSEAMEO SEARCA, _c2002. |
||
| 300 | _a41 pages ; | ||
| 526 | _c1210L-1700L | ||
| 562 | _e1 | ||
| 942 |
_2lcc _cBK _kFIL |
||
| 999 |
_c19134 _d19134 |
||